Las Opiniones que hacen la diferencia: la evaluación del segundo año del presidente Saca /
Сохранить в:
| Соавтор: | |
|---|---|
| Формат: | Текст |
| Язык: | Spanish |
| Опубликовано: |
El Salvador
Rodolfo Cardenal
2006
|
| Предметы: | |
| Метки: |
Добавить метку
Нет меток, Требуется 1-ая метка записи!
|
MARC
| LEADER | 00000 a a2200000 04500 | ||
|---|---|---|---|
| 001 | 5212 | ||
| 003 | cru CIDCACS/IIS | ||
| 005 | 20190301103321.0 | ||
| 007 | ta | ||
| 008 | 190301b2006 es ||||| |||| 00| 0 spa d | ||
| 999 | |c 42223 |d 42223 | ||
| 040 | |c cru CIDCACS/IIS | ||
| 090 | |a REV0452 61 (691-692) 2006 | ||
| 110 | |9 8354 |a Instituto Universitario de Opinión Pública (El Salvador), IUDOP | ||
| 245 | |a Las Opiniones que hacen la diferencia: |b la evaluación del segundo año del presidente Saca / |c Instituto Universitario de Opinión Pública (IUDOP) | ||
| 260 | |a El Salvador |b Rodolfo Cardenal |c 2006 | ||
| 300 | |a páginas 583-591 | ||
| 650 | 0 | |a ENCUESTAS DE OPINION PUBLICA |9 3088 | |
| 650 | 0 | |a GOBIERNO |9 4911 | |
| 650 | 0 | |a JEFES DE ESTADO |9 2585 | |
| 650 | 0 | |a ANALISIS DEMOGRAFICO |9 1439 | |
| 650 | 0 | |a PRESIDENCIA |9 3554 | |
| 651 | 4 | |9 1928 |a EL SALVADOR | |
| 773 | |g volumen 61, número 691 -692; páginas 517-582 | ||
| 773 | 0 | |0 18723 |9 2698 |a Universidad Centroamericana José Simeón Cañas (UCA) |d San Salvador, El Salvador Universidad Centroamericana José Simeón |o 01910 |t ECA: | |
| 942 | |2 ddc |c PP | ||
